000 nam a22 a 4500
999 _c1625
_d1625
005 20170511104224.0
008 170511s1984 enka | 000 | eng d
020 _a0134727398
040 _aAKMAL
082 _a327 MAI
090 _a327
_bMAI
245 0 0 _aInternational conflict and conflict management
_b readings in world politics
_cedited by Robert O. Matthews, Arthur G. Rubinoff, Janice Gross Stein.
260 _aScarborough, Ont. London
_bPrentice-Hall
_c1984.
300 _avii,534p.
_bill. ;
_c24cm
650 0 _aInternational relations.
_9282
650 0 _aWorld politics
_y1945-1989.
_93209
700 1 _aMatthews, Robert O.
_93302
700 1 _aRubinoff, Arthur G
_d1942-
_qArthur Gerald),
_93303
700 1 _aStein, Janice Gross.
_93304
852 4 1 _aBritish Library
_bDSC
852 4 1 _aBritish Library
_bHMNTS
942 _2ddc
_cBOOK